Представление документа в формате MARC21

Поле Инд. ПП Название Значение
Тип записи a
Библиографический уровень m
001 _ Контрольный номер RU/ЭБС IPR BOOKS/84178
005 Дата корректировки 20250915131112.6
008 Кодируемые данные 211122s2017 RU y f j 000 1 rus u
020 a ISBN 978-5-7638-3640-0
040 c Служба, преобразующая запись ЭБС IPR BOOKS
041 a Код языка текста rus
044 a Код страны публикации RU
080 a Индекс УДК 79
084 2 Источник индекса rubbk
a Индекс другой классификации/Индекс ББК 75.1
245 a Заглавие Физическая культура
b Продолж. заглавия учебник
c Ответственность Л. В. Захарова, Н. В. Люлина, М. Д. Кудрявцев [и др.]
250 g 2024-05-16
a Основные сведения об издании Физическая культура
256 a Характеристики компьютерного файла Электрон. дан. (1 файл)
260 a Место издания Красноярск
b Издательство Сибирский федеральный университет
c Дата издания 2017
300 a Объем 612 с.
500 a Примечание Книга находится в премиум-версии ЭБС IPR BOOKS.
516 a Прим. о типе комп. файла/ данных Текст
520 a Аннотация Рассмотрены теоретические и практические основы физической культуры. Обозначено место дисциплины в системе высшего образования в соответствии с Федеральным государственным образовательным стандартом и учебной программой. Представлена методика обучения различным видам спорта. Предназначен для преподавателей и студентов высших учебных заведений.
521 a Примеч. о целев. назн. Гарантированный срок размещения в ЭБС до 16.05.2024 (автопролонгация)
538 a Прим. о системных особенностях электронный
653 a Ключевые слова физическая культура
653 a Ключевые слова спорт
653 a Ключевые слова теория
653 a Ключевые слова практика
653 a Ключевые слова здоровье
653 a Ключевые слова упражнение
700 1_ a Другие авторы Захарова, Л. В.
4 Код отношения 070
700 1_ a Другие авторы Люлина, Н. В.
4 Код отношения 070
700 1_ a Другие авторы Кудрявцев, М. Д.
4 Код отношения 070
700 1_ a Другие авторы Московченко, О. Н.
4 Код отношения 070
700 1_ a Другие авторы Шубин, Д. А.
4 Код отношения 070
856 4_ u URL http://www.iprbookshop.ru/84178.html
z Примечание для пользователя Участвует в КО